| 000 | 00353nam a22001577a 4500 | ||
|---|---|---|---|
| 999 |
_c11558 _d11558 |
||
| 003 | OSt | ||
| 008 | 220923b ||||| |||| 00| 0 eng d | ||
| 082 | _a005.133 BAD | ||
| 100 | _aBALUJA,GS | ||
| 245 | _aData Structures Through C | ||
| 250 | _aRep | ||
| 260 |
_aNew Delhi _bDhanpat Rai _c2022 |
||
| 300 | _a651 | ||
| 650 | _aBCA | ||
| 942 |
_2ddc _cBK _034 |
||